The Social Studies Teacher's Toolbox . Hundreds of Practical Ideas to Support Your Students.
Guardat en:
| Autors principals: | , , |
|---|---|
| Format: | Desconegut |
| Publicat: |
Hoboken, NJ, USA:
Jossey-Bass, a Wiley Brand,
2020.
|
| Edició: | First edition. |
| Col·lecció: | The Teacher's Toolbox Series.
|
| Matèries: | |
| Etiquetes: |
Afegir etiqueta
Sense etiquetes, Sigues el primer a etiquetar aquest registre!
|
MARC
| LEADER | 00000 a2200000 4500 | ||
|---|---|---|---|
| 003 | CL-VaPUC | ||
| 005 | 20220914123010.0 | ||
| 008 | 220914t2020 ||||| |||| 00| 0 eng d | ||
| 999 | |c 438381 |d 438379 | ||
| 020 | |a 9781119572053 | ||
| 040 | |c Pontificia Universidad Católica de Valparaíso | ||
| 082 | 7 | |a 300.712 JOH 2020 |2 22 | |
| 100 | |a Johnson, Elisabeth |9 875686 |e author | ||
| 245 | |a The Social Studies Teacher's Toolbox . |b Hundreds of Practical Ideas to Support Your Students. | ||
| 250 | |a First edition. | ||
| 260 | |a Hoboken, NJ, USA: |b Jossey-Bass, a Wiley Brand, |c 2020. | ||
| 300 | |a 466 páginas. | ||
| 490 | |a The Teacher's Toolbox Series. | ||
| 583 | |k Cristina María Rojas Aguilar |c 20220914 | ||
| 650 | 0 | |a Ciencias sociales |9 256351 |x Estudio y enseñanza |z Estados Unidos | |
| 650 | 0 | |a Planificación curricular |z Estados Unidos |9 876635 | |
| 700 | |a Ramos Lamarr, Evelyn |e author |9 876637 | ||
| 700 | |a Ferlazzo, Larry |e author |9 876638 | ||
| 700 | |e author |9 876639 | ||
| 942 | |2 ddc |c BK | ||
| 952 | |0 0 |1 0 |2 ddc |4 0 |6 300_712000000000000_JOH_2020 |7 0 |8 A |9 586671 |a BIBHIS |b BIBHIS |c GEN |d 2022-09-12 |e 74 |g 39556.00 |i 5654639 |o 300.712 JOH 2020 |p 5654639 |r 2025-01-20 |t 1 |v 39556.00 |w 2022-09-12 |y BK |k HIS | ||